| 000 | 00383nam a22001697a 4500 | ||
|---|---|---|---|
| 003 | MACL | ||
| 005 | 20160114170932.0 | ||
| 008 | 160114b xxu||||| |||| 00| 0 eng d | ||
| 040 | _cMACL | ||
| 041 | _aEnglish | ||
| 082 | _a796 | ||
| 100 |
_aGopal,Ram _932402 |
||
| 245 | _aShot Put | ||
| 260 |
_aNew Delhi _bSports Publications _c2012 |
||
| 650 |
_aGames _932403 |
||
| 942 |
_2ddc _cBK |
||
| 999 |
_c52321 _d52321 |
||